Turki ka mard e mujahid(ترکی کامرد مجاہد)/ (Record no. 101711)
[ view plain ]
| 000 -LEADER | |
|---|---|
| fixed length control field | 00446nam a22001457a 4500 |
| 005 - DATE AND TIME OF LATEST TRANSACTION | |
| control field | 20180116105539.0 |
| 008 - FIXED-LENGTH DATA ELEMENTS--GENERAL INFORMATION | |
| fixed length control field | 180116b xxu||||| |||| 00| 0 eng d |
| 040 ## - CATALOGING SOURCE | |
| Transcribing agency | PK-LaUMT |
| 082 ## - DEWEY DECIMAL CLASSIFICATION NUMBER | |
| Classification number | PKAC 297.7209561 |
| Item number | SAE-T |
| 100 ## - MAIN ENTRY--PERSONAL NAME | |
| Personal name | Saeed Ramzam al-Boti |
| 245 ## - TITLE STATEMENT | |
| Title | Turki ka mard e mujahid(ترکی کامرد مجاہد)/ |
| Statement of responsibility, etc | Saeed Ramzam al-Boti |
| 260 ## - PUBLICATION, DISTRIBUTION, ETC. (IMPRINT) | |
| Place of publication, distribution, etc | لاوہر: |
| Name of publisher, distributor, etc | ادارہ معارف اسلامی، |
| Date of publication, distribution, etc | 1989 |
| 300 ## - PHYSICAL DESCRIPTION | |
| Extent | 48 |
| 942 ## - ADDED ENTRY ELEMENTS (KOHA) | |
| Koha item type | Books |
| Withdrawn status | Lost status | Damaged status | Home library | Current library | Date acquired | Full call number | Barcode | Date last seen | Price effective from | Koha item type |
|---|---|---|---|---|---|---|---|---|---|---|
| UMT Main Campus | UMT Main Campus | 2018-01-16 | PKAC 297.7209561 SAE-T | 117601 | 2018-01-16 | 2018-01-16 | Books |
